| 000 | 00413pab a2200145 454500 | ||
|---|---|---|---|
| 008 | 180718b2002 xxu||||| |||| 00| 0 eng d | ||
| 100 | _aAlexander, David | ||
| 245 | _aNature's impartiality, man's inhumanity: reflections on terrorism and world crisis in a context of hisotircal disaster | ||
| 260 | _c2002 | ||
| 300 | _ap.1-9. | ||
| 362 | _aMar | ||
| 650 | _aTerrorism | ||
| 773 | _aDisasters | ||
| 909 | _a55462 | ||
| 999 |
_c55462 _d55462 |
||